rocket league quiz - Statistics

General Stats
  • This quiz has been taken 576 times
  • The average score is 6 of 13
Answer Stats
hint Answer % Correct
most liked car octane
90%
highest rank grand champion
83%
lowest rank bronze 1
67%
highest level rocketeer
56%
lowest level rookie
54%
what are the items that you get for playing the beta called?? alpha
52%
team name of neatmikes team F2
49%
best item in the game (over 4000 key) white hat
41%
best mystery decal 20xx
36%
best import car octane zsr
29%
worst mystery decal labyrinth
25%
worst import car x devil mk2
19%
most hated car grog
18%
No matching quizzes found
Score Distribution
Percent of People with Each Score
Percentile by Number Answered
Your Score History
You have not taken this quiz